| 000 | 00459nam a2200157Ia 4500 | ||
|---|---|---|---|
| 008 | 210210b1991 xxu||||| |||| 00| 0 eng d | ||
| 020 | _a81 85475 09 1 | ||
| 082 | _a657.48 KUMA | ||
| 100 | _aKUMAR (Pramod). | ||
| 245 | _aAnalysis of financial statements of Indian industries. | ||
| 260 |
_aDelhi. _bKanishka Publishing House, _c1991 |
||
| 300 | _axiii,256 | ||
| 650 | _aAnalysis Financial Statements | ||
| 690 | _aFinancial Accounting | ||
| 906 | _a050696 | ||
| 999 |
_c99308 _d99308 |
||